TB. OF ANATOMY & PHYSIOLOGY FOR PRAMEDICAL & HEALTH PROFESSIONALS (Record no. 27280)

MARC details
000 -LEADER
fixed length control field 00473nam a22001817a 4500
003 - CONTROL NUMBER IDENTIFIER
control field SGT
020 ## - INTERNATIONAL STANDARD BOOK NUMBER
International Standard Book Number 9789388725996
082 ## - DEWEY DECIMAL CLASSIFICATION NUMBER
Classification number 611
Item number A20K
100 ## - MAIN ENTRY--PERSONAL NAME
Personal name KHURANA, INDU
245 ## - TITLE STATEMENT
Title TB. OF ANATOMY & PHYSIOLOGY FOR PRAMEDICAL & HEALTH PROFESSIONALS
250 ## - EDITION STATEMENT
Edition statement 1ST
260 ## - PUBLICATION, DISTRIBUTION, ETC. (IMPRINT)
Place of publication, distribution, etc INDIA
Name of publisher, distributor, etc CBS PUB
Year of Publication 2020
300 ## - PAGE DESCRIPTION
No. of Pages 551
650 ## - SUBJECT ADDED ENTRY--TOPICAL TERM
Topical term or geographic name as entry element ANATOMY & PHYSIOLOGY
653 ## - KEYWORDS--INDEX TERM
Keyword term PRAMEDICAL & HEALTH PROFESSIONALS
653 ## - KEYWORDS--INDEX TERM
Keyword term ANATOMY & PHYSIOLOGY
942 ## - ADDED ENTRY ELEMENTS (KOHA)
Source of classification or shelving scheme Dewey Decimal Classification
Koha item type Books
942 ## - ADDED ENTRY ELEMENTS (KOHA)
-- 1
Holdings
Withdrawn status Lost status Source of classification or shelving scheme Damaged status Not for loan Collection code Home library Current library Shelving location Date acquired Vendor Name Cost, normal purchase price SGTU Bill Number Full call number Accession No. (Barcode) Date last seen Bill Date Koha item type Total Checkouts Date last borrowed
    Dewey Decimal Classification   Not For Loan NURSING SGT Medical Library SGT Medical Library Reference Book 29/08/2024 ABC DELHI 1045.00 SGTU 19450 611 A20K FN5486 14/11/2024 29/08/2024 Books    
    Dewey Decimal Classification     NURSING SGT Medical Library SGT Medical Library Text Book 29/08/2024 ABC DELHI 1045.00 SGTU 19450 611 A20K FN5487 19/12/2025 29/08/2024 Books 5 08/12/2025